House building (Record no. 108961)
[ view plain ]
| 000 -LEADER | |
|---|---|
| fixed length control field | 01759cad a22002535a 4500 |
| 001 - CONTROL NUMBER | |
| control field | L145909 |
| 008 - FIXED-LENGTH DATA ELEMENTS--GENERAL INFORMATION | |
| fixed length control field | 081121e20081120xxkd f s f000 0 eng d |
| 035 ## - SYSTEM CONTROL NUMBER | |
| System control number | (Sirsi) u145909 |
| 041 0# - LANGUAGE CODE | |
| Language code of text/sound track or separate title | eng |
| 050 04 - LIBRARY OF CONGRESS CALL NUMBER | |
| Classification number | 333.338 $2 18 |
| 110 1# - MAIN ENTRY--CORPORATE NAME | |
| Corporate name or jurisdiction name as entry element | United Kingdom |
| Subordinate unit | Department for Communities and Local Government |
| 9 (RLIN) | 4939 |
| 245 00 - TITLE STATEMENT | |
| Title | House building |
| Remainder of title | September Quarter 2008 |
| Medium | [electronic resource] |
| 260 ## - PUBLICATION, DISTRIBUTION, ETC. | |
| Place of publication, distribution, etc. | London |
| Name of publisher, distributor, etc. | DCLG |
| Date of publication, distribution, etc. | 2008 |
| 490 #0 - SERIES STATEMENT | |
| Series statement | DCLG Housing Statistical Release |
| Volume/sequential designation | September Quarter 2008 |
| 505 2# - FORMATTED CONTENTS NOTE | |
| Formatted contents note | Starts and completions in England -- Tenure trends -- Regional trends -- House building targets -- Data collection -- Accompanying tables -- Background notes |
| 520 ## - SUMMARY, ETC. | |
| Summary, etc. | Reports on the July to September 2008 period in the UK. Accompanying tables are available alongside this document on the website. From July to September 2008, there were around 22,200 new house building starts in England, down by 33% compared with the same quarter in 2007. 33,300 houses were completed, representing a fall of 18% compared to the same quarter in 2007. For the 12-month period leading to September 2008, the estimate for house building starts is 126,700, a 26% decline compared with 2007. However, the figure for completions for the same period is 154,300 and corresponds to a decrease of 9% from the 12-month period leading to September 2007. |
| 590 ## - LOCAL NOTE (RLIN) | |
| Local note | KA NTK |
| 650 24 - SUBJECT ADDED ENTRY--TOPICAL TERM | |
| Topical term or geographic name entry element | DCLG QUARTERLY HOUSE BUILDING STATISTICS |
| 651 #4 - SUBJECT ADDED ENTRY--GEOGRAPHIC NAME | |
| Geographic name | United Kingdom |
| Chronological subdivision | |
| 690 ## - LOCAL SUBJECT ADDED ENTRY--TOPICAL TERM (OCLC, RLIN) | |
| Topical term or geographic name as entry element | PROPERTY-RESIDENTIAL PROPERTY-RESIDENTIAL PROPERTY DEVELOPMENT |
| 690 ## - LOCAL SUBJECT ADDED ENTRY--TOPICAL TERM (OCLC, RLIN) | |
| Topical term or geographic name as entry element | BUILT ENVIRONMENT-CONSTRUCTION MARKET |
| 856 40 - ELECTRONIC LOCATION AND ACCESS | |
| Uniform Resource Identifier | <a href="https://www.communities.gov.uk/publications/corporate/statistics/housebuildingQ32008">https://www.communities.gov.uk/publications/corporate/statistics/housebuildingQ32008</a> |
| Public note | View the item free of charge at www.communities.gov.uk... |
| 942 ## - ADDED ENTRY ELEMENTS (KOHA) | |
| Suppress in OPAC | 0 |
| Withdrawn status | Lost status | Source of classification or shelving scheme | Damaged status | Not for loan | Home library | Current library | Shelving location | Date acquired | Total Checkouts | Full call number | Barcode | Date last seen | Copy number | Price effective from | Koha item type |
|---|---|---|---|---|---|---|---|---|---|---|---|---|---|---|---|
| Dewey Decimal Classification | Virtual | Virtual | Online | 21/11/2008 | ONLINE PUBLICATION | 145909-2001 | 06/08/2019 | 1 | 06/08/2019 | Book |